Visualizzazione normale
Vista MARC
- De Andreis Luca
di Personal Name
Records bibliografici associati: 1
001 - CONTROL NUMBER
- control field: 51653
003 - CONTROL NUMBER IDENTIFIER
- control field: IT-RoPau
005 - DATE AND TIME OF LATEST TRANSACTION
- control field: 20151202174539.0
008 - FIXED-LENGTH DATA ELEMENTS
- fixed length control field: 151202|| aca||aabn | a|a d
040 ## - CATALOGING SOURCE
- Original cataloging agency: IT-RoPau
- Transcribing agency: IT-RoPau
100 ## - HEADING--PERSONAL NAME
- Personal name: De Andreis Luca
- Relator term: (regista)
- Miscellaneous information: Codice regista SPICS: 27798
670 ## - SOURCE DATA FOUND
- Source citation: Work cat.: (IT-RoPau)107326: De Andreis Luca Codice regista SPICS: 27798 51650, QUOTIDIANO IN CLASSE (IL)-2-DAL FATTO ALLA NOTIZIA QUOTIDIANO IN CLASSE (IL)-2-DAL FATTO ALLA NOTIZIA (Rif. Codice opera principale : 79224)